City Anagram Pictures - Statistics

General Stats
  • This quiz has been taken 62 times
  • The average score is 6 of 9
Answer Stats
Picture Answer % Correct
Amsterdam
92%
Rio de Janeiro
92%
Edinburgh
84%
New York
82%
Barcelona
78%
Agra
68%
Chicago
60%
Reykjavik
38%
Canberra
30%
No matching quizzes found
Score Distribution
Percent of People with Each Score
Percentile by Number Answered
Your Score History
You have not taken this quiz